000 00328nam a2200145Ia 4500
008 230718s9999 xx 000 0 und d
041 _aEng.
082 _a894.35
_bKAM-N
100 _aKamal urman
245 0 _aNazam Hikmat
260 _aPakistan
_bJamhori Publications
_c2012
300 _a200
650 _aLaw
999 _c31619
_d31619